| 000 | 00479nam a22001697a 4500 | ||
|---|---|---|---|
| 005 | 20251108172330.0 | ||
| 008 | 250721s1981 xx 000 0 ara d | ||
| 082 | 1 | 4 | _aط/923.9/بول |
| 245 | 1 | 0 | _aماركو بولو / |
| 250 | _aط2 | ||
| 264 | 1 |
_aبيروت : _bمكدونالد الشرق الأوسط، _c1981. |
|
| 300 | _a24ص ؛مص | ||
| 490 | 0 | _aالعالم بين ديك : مشاهير ؛10 | |
| 650 | 1 | 7 | _aالمشاهير |
| 942 |
_2ddc _cBK |
||
| 999 |
_c76449 _d76449 |
||